MARC details
| 000 -LEADER |
| campo de control de longitud fija |
02416cam a2200493 i 4500 |
| 001 - NÚMERO DE CONTROL |
| campo de control |
21068374 |
| 003 - IDENTIFICADOR DE NÚMERO DE CONTROL |
| campo de control |
BJBSDDR |
| 005 - FECHA Y HORA DE LA ÚLTIMA TRANSACCIÓN |
| campo de control |
20230411090833.0 |
| 006 - CÓDIGOS DE INFORMACIÓN DE LONGITUD FIJA--CARACTERÍSTICAS DEL MATERIAL ADICIONAL |
| campo de control de longitud fija |
a|||||r|||| 00| 0 |
| 007 - CAMPO FIJO DE DESCRIPCIÓN FÍSICA--INFORMACIÓN GENERAL |
| campo de control de longitud fija |
ta |
| 008 - DATOS DE LONGITUD FIJA--INFORMACIÓN GENERAL |
| campo de control de longitud fija |
190711s2020 nyu b 001 0 eng |
| 010 ## - NÚMERO DE CONTROL DE LA BIBLIOTECA DEL CONGRESO |
| Número de control de LC |
2019029567 |
| 020 ## - NÚMERO INTERNACIONAL ESTÁNDAR DEL LIBRO |
| Número Internacional Estándar del Libro |
9781501748110 (hardcover) |
| 020 ## - NÚMERO INTERNACIONAL ESTÁNDAR DEL LIBRO |
| Número Internacional Estándar del Libro |
1501748114 (hardcover) |
| 040 ## - FUENTE DE CATALOGACIÓN |
| Centro catalogador/agencia de origen |
NIC/DLC |
| Lengua de catalogación |
eng |
| Centro/agencia transcriptor |
DLC |
| Normas de descripción |
rda |
| Centro/agencia modificador |
DLC |
| 041 ## - CÓDIGO DE IDIOMA |
| Código de lengua del texto/banda sonora o título independiente |
eng |
| 042 ## - CÓDIGO DE AUTENTICACIÓN |
| Código de autenticación |
pcc |
| 043 ## - CÓDIGO DE ÁREA GEOGRÁFICA |
| Código de área geográfica |
n-us--- |
| 050 14 - SIGNATURA TOPOGRÁFICA DE LA BIBLIOTECA DEL CONGRESO |
| Número de clasificación |
HM 846 |
| Número de ítem |
B842f 2020 |
| 082 00 - NÚMERO DE LA CLASIFICACIÓN DECIMAL DEWEY |
| Número de clasificación |
303.40973 |
| 100 1# - ENTRADA PRINCIPAL--NOMBRE DE PERSONA |
| Nombre de persona |
Brescia, Ray |
| 9 (RLIN) |
25667 |
| Forma completa/desarrollada del nombre |
(Raymond H.) |
| 245 14 - MENCIÓN DEL TÍTULO |
| Título |
The future of change : |
| Resto del título |
how technology shapes social revolutions / |
| Mención de responsabilidad, etc. |
Ray Brescia. |
| 264 #1 - PRODUCCIÓN, PUBLICACIÓN, DISTRIBUCIÓN, FABRICACIÓN Y COPYRIGHT |
| Producción, publicación, distribución, fabricación y copyright |
Ithaca : |
| Nombre del de productor, editor, distribuidor, fabricante |
Cornell University Press, |
| Fecha de producción, publicación, distribución, fabricación o copyright |
2020. |
| 300 ## - DESCRIPCIÓN FÍSICA |
| Extensión |
xiii, 224 pages ; |
| Dimensiones |
24 cm |
| 336 ## - TIPO DE CONTENIDO |
| Término de tipo de contenido |
text |
| Código de tipo de contenido |
txt |
| Fuente |
rdacontent |
| 337 ## - TIPO DE MEDIO |
| Nombre/término del tipo de medio |
unmediated |
| Código del tipo de medio |
n |
| Fuente |
rdamedia |
| 338 ## - TIPO DE SOPORTE |
| Nombre/término del tipo de soporte |
volume |
| Código del tipo de soporte |
nc |
| Fuente |
rdacarrier |
| 504 ## - NOTA DE BIBLIOGRAFÍA, ETC. |
| Nota de bibliografía, etc. |
Includes bibliographical references (pages 203-218) and index. |
| 505 0# - NOTA DE CONTENIDO CON FORMATO |
| Nota de contenido con formato |
Medium -- Network -- Message -- The great divide -- Digital organizing -- Amending the Violence against Women Act -- Marriage equality in Maine -- A living wage in Long Beach -- Putting the matrix to work. |
| 520 ## - RESUMEN, ETC. |
| Sumario, etc. |
"Explores the connection between social movements, technology, and inequality. It also shows how just as new technologies helped fuel the growth of new movements throughout U.S. history, even newer technologies have emerged in the last decade that are beginning to help groups counter different forms of inequality"-- |
| Fuente proveedora |
Provided by publisher. |
| 650 #0 - PUNTO DE ACCESO ADICIONAL DE MATERIA--TÉRMINO DE MATERIA |
| Término de materia o nombre geográfico como elemento de entrada |
Technological innovations |
| Subdivisión general |
Social aspects |
| Subdivisión geográfica |
United States |
| Subdivisión general |
History. |
| 650 #4 - PUNTO DE ACCESO ADICIONAL DE MATERIA--TÉRMINO DE MATERIA |
| Término de materia o nombre geográfico como elemento de entrada |
Innovaciones tecnológicas |
| Subdivisión general |
Aspectos sociales |
| Subdivisión geográfica |
Estados Unidos |
| Subdivisión general |
Historia |
| 9 (RLIN) |
1640 |
| 650 #0 - PUNTO DE ACCESO ADICIONAL DE MATERIA--TÉRMINO DE MATERIA |
| Término de materia o nombre geográfico como elemento de entrada |
Social change |
| Subdivisión geográfica |
United States |
| Subdivisión general |
History. |
| 650 #4 - PUNTO DE ACCESO ADICIONAL DE MATERIA--TÉRMINO DE MATERIA |
| Término de materia o nombre geográfico como elemento de entrada |
Cambio social |
| Subdivisión geográfica |
Estados Unidos |
| Subdivisión general |
Historia |
| 9 (RLIN) |
2755 |
| 650 #0 - PUNTO DE ACCESO ADICIONAL DE MATERIA--TÉRMINO DE MATERIA |
| Término de materia o nombre geográfico como elemento de entrada |
Social movements |
| Subdivisión geográfica |
United States |
| Subdivisión general |
History. |
| 650 #4 - PUNTO DE ACCESO ADICIONAL DE MATERIA--TÉRMINO DE MATERIA |
| Término de materia o nombre geográfico como elemento de entrada |
Movimientos sociales |
| Subdivisión geográfica |
Estados Unidos |
| Subdivisión general |
Historia |
| 9 (RLIN) |
4143 |
| 650 #0 - PUNTO DE ACCESO ADICIONAL DE MATERIA--TÉRMINO DE MATERIA |
| Término de materia o nombre geográfico como elemento de entrada |
Equality |
| Subdivisión geográfica |
United States |
| Subdivisión general |
History. |
| 650 #4 - PUNTO DE ACCESO ADICIONAL DE MATERIA--TÉRMINO DE MATERIA |
| Término de materia o nombre geográfico como elemento de entrada |
Igualdad |
| Subdivisión geográfica |
Estados Unidos |
| Subdivisión general |
Historia |
| 9 (RLIN) |
271 |
| 651 #0 - PUNTO DE ACCESO ADICIONAL DE MATERIA--NOMBRE GEOGRÁFICO |
| Nombre geográfico |
United States |
| Subdivisión general |
Social conditions |
| Subdivisión cronológica |
1945- |
| 776 08 - ENTRADA DE FORMULARIO FÍSICO ADICIONAL |
| Información de relación |
Online version: |
| Encabezamiento principal |
Brescia, Ray. |
| Título |
Future of change |
| Lugar, editor y fecha de publicación |
Ithaca : Cornell University Press, 2020. |
| Número Internacional Estándar del Libro |
9781501748127 |
| Número de control del registro |
(DLC) 2019029568 |
| 906 ## - ELEMENTOS DE DATOS F LOCAL, LDF (RLIN) |
| a |
7 |
| b |
cbc |
| c |
orignew |
| d |
1 |
| e |
ecip |
| f |
20 |
| g |
y-gencatlg |
| 942 ## - ELEMENTOS DE ENTRADA SECUNDARIOS (KOHA) |
| Fuente del sistema de clasificación o colocación |
Clasificación de Library of Congress |
| Tipo de ítem Koha |
Libro |